[Event "Groningen Atlantis op"]
[Site "Groningen"]
[Date "2015.08.27"]
[Round "1"]
[White "Bos, Robin"]
[Black "Van Delft, Merijn"]
[Result "0-1"]
[WhiteElo "1972"]
[BlackElo "2410"]
[PlyCount "130"]
[EventDate "2015.08.27"]
[EventType "swiss"]
[EventRounds "7"]
[EventCountry "NED"]
[SourceTitle "EXT 2016"]
[Source "ChessBase"]
[SourceDate "2015.10.08"]
[SourceVersion "1"]
[SourceVersionDate "2015.10.08"]
[SourceQuality "1"]

1. e4 c5 2. Nf3 d6 3. d4 cxd4 4. Nxd4 Nf6 5. Nc3 a6 6. Be3 e6 7. Bd3 Nbd7 8. 0-0 b5 9. a3 Bb7 10. f4 Rc8 11. Nb3 Be7 12. Qf3 0-0 13. Rad1 e5 14. g4 exf4 15. Bxf4 Ne5 16. Bxe5 dxe5 17. Nd5 Nxd5 18. exd5 g6 19. Be4 Bg5 20. d6 Bxe4 21. Qxe4 Bf4 22. Rd5 Qb6+ 23. Kh1 Rfd8 24. Rxf4 exf4 25. d7 Rc4 26. Qe8+ Kg7 27. Nd4 Rxd4 28. Qe5+ Qf6 29. Qxd4 Qxd4 30. Rxd4 g5 31. Rd6 f6 32. Kg2 a5 33. h4 h6 34. Kf3 Kf7 35. Rd5 a4 36. Rxb5 Rxd7 37. Rb4 Rd2 38. Rxa4 Rxc2 39. Rb4 Rh2 40. hxg5 hxg5 41. a4 f5 42. gxf5 Kf6 43. a5 Rh3+ 44. Kg2 Rd3 45. a6 Kxf5 46. a7 Rd2+ 47. Kf1 Rd1+ 48. Ke2 Ra1 49. Rb7 g4 50. Rb5+ Kg6 51. Rb6+ Kg5 52. Kf2 Rxa7 53. Rb8 Ra5 54. Rb7 Rc5 55. b4 Rc2+ 56. Ke1 g3 57. Rg7+ Kf6 58. Rg8 Rb2 59. Rf8+ Ke5 60. Re8+ Kf5 61. Rb8 g2 62. Rg8 f3 63. Rf8+ Ke4 64. Re8+ Kd5 65. Rd8+ Ke6 0-1

[Event "BL2-West 1213"]
[Site "Germany"]
[Date "2013.04.14"]
[Round "9.7"]
[White "Bos, Robin"]
[Black "Kipper, Jens"]
[Result "0-1"]
[WhiteElo "1924"]
[BlackElo "2366"]
[PlyCount "84"]
[EventDate "2012.10.14"]
[EventType "team-tourn"]
[EventRounds "9"]
[EventCountry "GER"]
[SourceTitle "CBM 154 Extra"]
[Source "ChessBase"]
[SourceDate "2013.06.25"]
[SourceVersion "2"]
[SourceVersionDate "2013.06.25"]
[SourceQuality "1"]
[WhiteTeam "Nordhorn Blanke"]
[BlackTeam "Koeln Porz"]
[WhiteTeamCountry "GER"]
[BlackTeamCountry "GER"]

1. e4 e6 2. d4 d5 3. Bd3 dxe4 4. Bxe4 Nf6 5. Bf3 c5 6. Ne2 Nc6 7. Be3 cxd4 8. Nxd4 Ne5 9. 0-0 Be7 10. Nc3 0-0 11. Be2 a6 12. f4 Ned7 13. a4 Qc7 14. Bf3 Nb6 15. Kh1 Nc4 16. Qc1 Rd8 17. Bg1 Bb4 18. Ne4 Nxe4 19. Bxe4 Bd2 20. Qd1 Be3 21. Bxh7+ Kxh7 22. Qd3+ Kg8 23. Bxe3 Nxb2 24. Qe2 Bd7 25. a5 Nc4 26. f5 exf5 27. Bg5 Re8 28. Qh5 Qe5 29. Qh4 Qd5 30. Rad1 Re4 31. Qf2 Rae8 32. h3 Qxa5 33. Nb3 Qb5 34. Rxd7 Qxd7 35. Nc5 Qd5 36. Nxe4 fxe4 37. h4 e3 38. Qe2 f6 39. Qh5 Re5 40. Rxf6 e2 41. Rh6 e1Q+ 42. Kh2 Qxg2+ 0-1

[Event "Niedersachsen-ch op-A"]
[Site "Verden"]
[Date "2013.01.04"]
[Round "4"]
[White "Hanemann, Henno"]
[Black "Bos, Robin"]
[Result "1/2-1/2"]
[WhiteElo "1825"]
[BlackElo "1928"]
[PlyCount "72"]
[EventDate "2013.01.03"]
[EventType "swiss"]
[EventRounds "7"]
[EventCountry "GER"]
[SourceTitle "EXT 2014"]
[Source "ChessBase"]
[SourceDate "2013.11.20"]
[SourceVersion "1"]
[SourceVersionDate "2013.11.20"]
[SourceQuality "1"]

1. e4 c5 2. f4 g6 3. Nf3 Bg7 4. Bc4 d6 5. c3 Nf6 6. 0-0 a6 7. e5 dxe5 8. Bxf7+ Kxf7 9. fxe5 Nd5 10. Ng5+ Ke8 11. Nf7 Qc7 12. Nxh8 Bxh8 13. Qf3 Qxe5 14. Qf7+ Kd8 15. d4 cxd4 16. c4 Ne3 17. Qg8+ Kc7 18. Rf8 Be6 19. Qxh8 Qxh8 20. Rxh8 Nc2 21. Bf4+ Kc6 22. Na3 Nxa1 23. b4 d3 24. Kf2 Nc2 25. Nxc2 dxc2 26. Ke1 b6 27. Kd2 Kb7 28. Rxh7 Bxc4 29. Rxe7+ Kc6 30. Re8 Ra7 31. Bxb8 Rf7 32. Kxc2 Bxa2 33. g4 Kb5 34. Bd6 Kc4 35. Re2 Rf1 36. h4 Bb3+ 1/2-1/2

[Event "Niedersachsen-ch op-A"]
[Site "Verden"]
[Date "2013.01.03"]
[Round "1"]
[White "Bos, Robin"]
[Black "Raetzke von Stoyentin, Steffen"]
[Result "1-0"]
[WhiteElo "1928"]
[BlackElo "1754"]
[PlyCount "71"]
[EventDate "2013.01.03"]
[EventType "swiss"]
[EventRounds "7"]
[EventCountry "GER"]
[SourceTitle "EXT 2014"]
[Source "ChessBase"]
[SourceDate "2013.11.20"]
[SourceVersion "1"]
[SourceVersionDate "2013.11.20"]
[SourceQuality "1"]

1. e4 e5 2. f4 exf4 3. Nf3 g5 4. Bc4 d6 5. h4 g4 6. Ng5 Nh6 7. d4 Qe7 8. Nc3 f6 9. Bxf4 fxg5 10. Bxg5 Qg7 11. Nd5 Ng8 12. 0-0 Be7 13. Nxe7 Nxe7 14. Bf6 Qh6 15. Bxh8 Qxh4 16. Bf6 Qh6 17. Bxe7 Qe3+ 18. Rf2 g3 19. Qh5+ Kxe7 20. Qf7+ Kd8 21. Qf8+ Kd7 22. Be6+ Kc6 23. Bd5+ Kb6 24. Qxc8 Qxf2+ 25. Kh1 c6 26. Qd8+ Kb5 27. a4+ Ka6 28. Bc4+ b5 29. Qc8+ Ka5 30. Qc7+ Kb4 31. Qxd6+ Ka5 32. axb5+ Kb6 33. Qd8+ Kb7 34. bxc6+ Kxc6 35. Bd5+ Kb5 36. Qa5# 1-0

[Event "Hengelo U12 op"]
[Site "Hengelo"]
[Date "2005.08.09"]
[Round "3"]
[White "Laan, Kart"]
[Black "Bos, Robin"]
[Result "1-0"]
[WhiteElo "1392"]
[BlackElo "1187"]
[PlyCount "37"]
[EventDate "2005.08.??"]
[EventType "swiss"]
[EventRounds "13"]
[EventCountry "NED"]
[SourceTitle "CBM 107 Extra"]
[Source "ChessBase"]
[SourceDate "2005.09.01"]
[SourceVersion "1"]
[SourceVersionDate "2005.09.01"]
[SourceQuality "1"]

1. d4 d5 2. c4 dxc4 3. e4 Nf6 4. Nc3 e6 5. Bxc4 Bb4 6. Nge2 Nc6 7. Bb5 a6 8. Bxc6+ bxc6 9. 0-0 c5 10. Qa4+ Bd7 11. Qd1 cxd4 12. Qxd4 Bxc3 13. Nxc3 0-0 14. Rd1 Bc6 15. Bg5 Qxd4 16. Rxd4 Nd7 17. Rad1 Nc5 18. Be7 e5 19. Rc4 1-0